000 00541nam a2200181Ia 4500
001 15982
005 20260306170236.0
008 260306t2013||||xx |||||||||||||| ||und||
041 _aESP
082 _a346.52
_bB45
100 _aBernal Pulido, Carlos
_eAUT
245 0 _aLa filosofía de la responsabilidad civil:
_bestudios sobre los fundamentos filosófico-jurídico de la responsabilidad civil extracontractual
260 _c2013
300 _a670 páginas :
_c24 cm.
650 _aGEN
654 _aCDE
942 _cLIB
_dJUS
_fJUS
_2ddc
_n
999 _c15982
_d15982